| 000 | 00317nam a2200121Ia 4500 | ||
|---|---|---|---|
| 008 | 230907s9999||||xx |||||||||||||| ||und|| | ||
| 082 |
_a621.39160288 _bAND |
||
| 100 |
_aAndrews, Jean, _9116061 |
||
| 245 | 0 | _aA+ guide to software : | |
| 300 | _a695 p : | ||
| 650 |
_aStudy guides. Study guides. _9116062 |
||
| 942 | _cBK | ||
| 999 |
_c600924 _d600924 |
||